[Event "Ricany op 20th"]
[Site "Ricany"]
[Date "2022.09.03"]
[Round "9"]
[White "Pressler, Tobias"]
[Black "Simecek, Bohumil"]
[Result "1/2-1/2"]
[WhiteElo "1821"]
[BlackElo "2051"]
[PlyCount "65"]
[EventDate "2022.08.27"]
[EventType "swiss"]
[EventRounds "9"]
[EventCountry "CZE"]
[SourceTitle "CBM 210 Extra"]
[Source "ChessBase"]
[SourceDate "2022.11.30"]
[SourceVersion "1"]
[SourceVersionDate "2022.11.30"]
[SourceQuality "1"]

1. d4 Nf6 2. Bg5 e6 3. Nc3 d5 4. Qd2 c5 5. dxc5 Bxc5 6. e4 d4 7. Na4 Be7 8. e5 Ng8 9. Bxe7 Nxe7 10. Nf3 Nbc6 11. Bb5 Qd5 12. Nxd4 Qxe5+ 13. Qe3 Qxe3+ 14. fxe3 Bd7 15. Nc5 0-0-0 16. 0-0-0 Be8 17. Nxc6 Bxc6 18. Bxc6 Nxc6 19. Ne4 Ne5 20. Rhf1 Rxd1+ 21. Rxd1 Rd8 22. Nd6+ Kb8 23. Rd4 a6 24. c4 Rd7 25. Kc2 g6 26. Kc3 f5 27. h3 Kc7 28. Ne8+ Kc6 29. Nf6 Rf7 30. Ne8 Rd7 31. Nf6 Rf7 32. Ne8 Rd7 33. Nf6 1/2-1/2

[Event "Ricany op 20th"]
[Site "Ricany"]
[Date "2022.09.02"]
[Round "8"]
[White "Simecek, Bohumil"]
[Black "Sadil, Antonin"]
[Result "1-0"]
[WhiteElo "2051"]
[BlackElo "1546"]
[PlyCount "71"]
[EventDate "2022.08.27"]
[EventType "swiss"]
[EventRounds "9"]
[EventCountry "CZE"]
[SourceTitle "CBM 210 Extra"]
[Source "ChessBase"]
[SourceDate "2022.11.30"]
[SourceVersion "1"]
[SourceVersionDate "2022.11.30"]
[SourceQuality "1"]

1. d4 c6 2. Nf3 d5 3. Bf4 Nf6 4. e3 Bf5 5. c3 e6 6. Nbd2 Nbd7 7. h3 Ne4 8. Be2 Qb6 9. Qb3 Nxd2 10. Nxd2 Qxb3 11. axb3 c5 12. 0-0 a6 13. Nf3 Bc2 14. Rfc1 Bg6 15. Nh4 Be4 16. f3 Be7 17. fxe4 Bxh4 18. exd5 exd5 19. Bf3 cxd4 20. exd4 g5 21. Bd6 Rd8 22. g3 Nf6 23. Be5 g4 24. gxh4 gxf3 25. Bxf6 Rg8+ 26. Kf2 Rd6 27. Re1+ Kd7 28. Re7+ Kc6 29. Rxf7 Re6 30. Be5 Rh6 31. Rxf3 Rxh4 32. Rg1 Re8 33. Rg7 b6 34. Rc7+ Kb5 35. Rd7 h5 36. Rxd5+ 1-0

[Event "Ricany op 20th"]
[Site "Ricany"]
[Date "2022.08.28"]
[Round "3"]
[White "Strnad, Michael"]
[Black "Simecek, Bohumil"]
[Result "0-1"]
[WhiteElo "1818"]
[BlackElo "2051"]
[PlyCount "48"]
[EventDate "2022.08.27"]
[EventType "swiss"]
[EventRounds "9"]
[EventCountry "CZE"]
[SourceTitle "CBM 210 Extra"]
[Source "ChessBase"]
[SourceDate "2022.11.30"]
[SourceVersion "1"]
[SourceVersionDate "2022.11.30"]
[SourceQuality "1"]

1. e4 e6 2. Nf3 d5 3. e5 c5 4. b4 cxb4 5. a3 Nc6 6. d4 Bd7 7. axb4 Bxb4+ 8. c3 Be7 9. Bd3 h5 10. 0-0 Nh6 11. Ba3 a6 12. Nbd2 Bxa3 13. Rxa3 Na7 14. c4 dxc4 15. Nxc4 Nb5 16. Rb3 0-0 17. Bb1 Bc6 18. Qc2 g6 19. Rd1 Bxf3 20. Rxf3 Nxd4 21. Rxd4 Qxd4 22. Rd3 Qc5 23. Rc3 Rac8 24. Rg3 Nf5 0-1

[Event "Ceske Budejovice op-A"]
[Site "Ceske Budejovice"]
[Date "2022.07.06"]
[Round "6"]
[White "Simecek, Bohumil"]
[Black "Domalchuk Jonasson, Aleksandr"]
[Result "0-1"]
[WhiteElo "2059"]
[BlackElo "2244"]
[PlyCount "56"]
[EventDate "2022.07.01"]
[EventType "swiss"]
[EventRounds "9"]
[EventCountry "CZE"]
[SourceTitle "CBM 209 Extra"]
[Source "ChessBase"]
[SourceDate "2022.09.30"]
[SourceVersion "1"]
[SourceVersionDate "2022.09.30"]
[SourceQuality "1"]

1. d4 d5 2. Nf3 Nf6 3. Bf4 c5 4. e3 Nc6 5. c3 Qb6 6. Qb3 c4 7. Qc2 Bf5 8. Qc1 Nh5 9. Bg3 f6 10. Nbd2 e5 11. Be2 0-0-0 12. Nh4 Bg6 13. Nxg6 hxg6 14. 0-0 Bd6 15. b3 Nxg3 16. hxg3 cxb3 17. axb3 Kb8 18. Qb2 f5 19. f4 exd4 20. exd4 g5 21. Bd3 gxf4 22. gxf4 g5 23. Nf3 Bxf4 24. Rae1 g4 25. Nh4 Bg3 26. Ng6 Nxd4 27. cxd4 Qxg6 28. Re3 Rh1+ 0-1

[Event "Prague Autumn op 1st"]
[Site "Prague"]
[Date "2021.09.25"]
[Round "2"]
[White "Lohia, Sohum"]
[Black "Simecek, Bohumil"]
[Result "1/2-1/2"]
[WhiteElo "1830"]
[BlackElo "2097"]
[PlyCount "50"]
[EventDate "2021.09.24"]
[EventType "swiss"]
[EventRounds "5"]
[EventCountry "CZE"]
[SourceTitle "CBM 204 Extra"]
[Source "ChessBase"]
[SourceDate "2021.11.30"]
[SourceVersion "1"]
[SourceVersionDate "2021.11.30"]
[SourceQuality "1"]

1. e4 d5 2. exd5 Nf6 3. Nf3 Nxd5 4. d4 Bg4 5. c4 Nb6 6. c5 N6d7 7. Be2 e6 8. Nc3 c6 9. Be3 Be7 10. 0-0 0-0 11. Ne5 Bxe2 12. Qxe2 Nf6 13. Qc4 Nbd7 14. b4 Nd5 15. Nxd7 Qxd7 16. Nxd5 Qxd5 17. Qxd5 exd5 18. a4 f5 19. f3 Rfe8 20. Bf2 a6 21. Rfe1 Bf6 22. Kf1 Kf7 23. Rxe8 Rxe8 24. b5 axb5 25. axb5 Re7 1/2-1/2

[Event "Prague Summer op-A 8th"]
[Site "Prague"]
[Date "2021.08.07"]
[Round "2"]
[White "Simecek, Bohumil"]
[Black "Bluebaum, Karl Ernst"]
[Result "1-0"]
[WhiteElo "2095"]
[BlackElo "2281"]
[PlyCount "105"]
[EventDate "2021.08.06"]
[EventType "swiss"]
[EventRounds "9"]
[EventCountry "CZE"]
[SourceTitle "CBM 203 Extra"]
[Source "ChessBase"]
[SourceDate "2021.09.30"]
[SourceVersion "1"]
[SourceVersionDate "2021.09.30"]
[SourceQuality "1"]

1. d4 d5 2. Nf3 Nf6 3. Bf4 c5 4. e3 Nc6 5. c3 Qb6 6. Qb3 c4 7. Qc2 Bf5 8. Qc1 h6 9. h3 e6 10. Be2 Be7 11. 0-0 0-0 12. Nbd2 Rfc8 13. Re1 Qd8 14. Ne5 Nxe5 15. Bxe5 b5 16. Bf3 Ne4 17. Nxe4 dxe4 18. Be2 Bd6 19. Bxd6 Qxd6 20. Qd2 Rab8 21. b4 e5 22. a4 a5 23. Reb1 bxa4 24. Rxa4 axb4 25. Raxb4 Rxb4 26. Rxb4 Be6 27. Qd1 f5 28. dxe5 Qxe5 29. Qd4 Qc7 30. Qb6 Qxb6 31. Rxb6 Kf7 32. g4 g6 33. Kg2 Rc5 34. Kg3 fxg4 35. Bxg4 Bxg4 36. hxg4 h5 37. gxh5 Rxh5 38. Rc6 Rg5+ 39. Kh3 Rf5 40. Kg2 Rf6 41. Rxc4 Re6 42. Kg3 Ke7 43. Rd4 Re5 44. c4 Rg5+ 45. Kh3 Re5 46. Kg4 Kf7 47. Rd5 Re6 48. Rd2 Kf6 49. c5 Ke5 50. Rd6 Re8 51. Rxg6 Rf8 52. Rg5+ Ke6 53. Kg3 1-0

[Event "Prague Menchik Memorial rapid"]
[Site "Prague"]
[Date "2019.06.09"]
[Round "2"]
[White "Simecek, Bohumil"]
[Black "Kozusek, Daniel"]
[Result "0-1"]
[WhiteElo "2108"]
[BlackElo "2339"]
[PlyCount "106"]
[EventDate "2019.06.09"]
[EventType "swiss (rapid)"]
[EventRounds "9"]
[EventCountry "CSR"]
[SourceTitle "CBM 190 Extra"]
[Source "ChessBase"]
[SourceDate "2019.07.15"]
[SourceVersion "1"]
[SourceVersionDate "2019.07.15"]
[SourceQuality "1"]

1. d4 c5 2. d5 e5 3. e4 d6 4. Nc3 Be7 5. Nf3 Nf6 6. Be2 0-0 7. 0-0 Ne8 8. Bd3 Bg4 9. Be3 Nd7 10. h3 Bxf3 11. Qxf3 Bg5 12. Bxg5 Qxg5 13. Qg4 Qxg4 14. hxg4 a6 15. a4 b6 16. f3 Nc7 17. Rfb1 Rfb8 18. Kf2 Kf8 19. Ke3 Ke7 20. g5 f6 21. gxf6+ Kxf6 22. b4 h5 23. Rb2 h4 24. Rab1 cxb4 25. Rxb4 g5 26. Nd1 Kg6 27. Kf2 g4 28. fxg4 Rf8+ 29. Kg1 Kg5 30. Ne3 Rf6 31. Rf1 Raf8 32. Rxf6 Rxf6 33. Nc4 Na8 34. Ne3 Nc5 35. Nf5 Kxg4 36. Rb1 Nxa4 37. Bxa6 Nc3 38. Rb4 Nc7 39. Bd3 b5 40. Rb3 Na2 41. Rb2 Nc1 42. Rb1 Nxd3 43. cxd3 Nxd5 44. Rxb5 Nf4 45. Rb3 Rf8 46. Nxd6 Ra8 47. Rb2 Ra1+ 48. Kh2 Nxd3 49. Rd2 Nf4 50. Nc4 Nh5 51. Nxe5+ Kf4 52. Nf3 Ng3 53. Ng1 Nf1+ 0-1

[Event "Prague Menchik Memorial rapid"]
[Site "Prague"]
[Date "2019.06.09"]
[Round "6"]
[White "Simecek, Bohumil"]
[Black "Olsarova, Karolina"]
[Result "0-1"]
[WhiteElo "2108"]
[BlackElo "2260"]
[PlyCount "86"]
[EventDate "2019.06.09"]
[EventType "swiss (rapid)"]
[EventRounds "9"]
[EventCountry "CSR"]
[SourceTitle "CBM 190 Extra"]
[Source "ChessBase"]
[SourceDate "2019.07.15"]
[SourceVersion "1"]
[SourceVersionDate "2019.07.15"]
[SourceQuality "1"]

1. d4 Nf6 2. c4 e6 3. Nc3 Bb4 4. Qc2 c5 5. dxc5 0-0 6. a3 Bxc5 7. Nf3 b6 8. Bg5 Bb7 9. e3 Be7 10. Be2 h6 11. Bh4 d6 12. 0-0 Nbd7 13. Rfd1 Nc5 14. Rd4 Qb8 15. Rad1 g5 16. Bg3 e5 17. R4d2 Nce4 18. Nxe4 Nxe4 19. Rd3 Nxg3 20. hxg3 e4 21. Rd4 exf3 22. gxf3 Qc7 23. Qf5 Qc8 24. Qd3 Qe6 25. Rd2 Qg6 26. Qb3 Rfd8 27. Bd1 Bc8 28. Bc2 Qg7 29. Qd3 Be6 30. b3 Rac8 31. Kg2 Rc6 32. Bb1 Bf6 33. Qe4 Bxd4 34. Qxc6 Be5 35. Qc7 Rd7 36. Qc8+ Qf8 37. Qc6 Qd8 38. g4 Bg7 39. Qe4 d5 40. cxd5 Rxd5 41. Rxd5 Qxd5 42. Bc2 Qxe4 43. fxe4 Bxg4 0-1

[Event "Prague op"]
[Site "Prague"]
[Date "2019.03.09"]
[Round "1"]
[White "Simecek, Bohumil"]
[Black "Stachowiak, Kamil"]
[Result "0-1"]
[WhiteElo "2098"]
[BlackElo "2433"]
[PlyCount "82"]
[EventDate "2019.03.09"]
[EventType "swiss"]
[EventRounds "9"]
[EventCountry "CZE"]
[SourceTitle "CBM 189 Extra"]
[Source "ChessBase"]
[SourceDate "2019.06.03"]
[SourceVersion "1"]
[SourceVersionDate "2019.06.03"]
[SourceQuality "1"]

1. d4 Nf6 2. c4 c5 3. d5 b5 4. cxb5 a6 5. b6 d6 6. Nc3 g6 7. Nf3 Bg7 8. e4 0-0 9. Be2 Qxb6 10. Nd2 Nbd7 11. Nc4 Qc7 12. 0-0 Nb6 13. Ne3 Bd7 14. a4 Rfb8 15. Qc2 Qd8 16. h3 e6 17. a5 Nc8 18. Nc4 exd5 19. exd5 Bb5 20. Bg5 h6 21. Bh4 Bxc4 22. Bxc4 Ne7 23. g4 Nd7 24. f4 g5 25. Bg3 gxf4 26. Bxf4 Ne5 27. Be2 N7g6 28. Bg3 Qg5 29. Rf5 Qe7 30. Raf1 Rb4 31. Na4 Nh4 32. R5f4 Rxf4 33. Rxf4 Neg6 34. Re4 Qg5 35. Kh2 Be5 36. Bxe5 Nxe5 37. Nb6 Rf8 38. Bxa6 f5 39. Ra4 fxg4 40. Qe4 g3+ 41. Kg1 Qc1+ 0-1

[Event "Ricany op-A"]
[Site "Ricany"]
[Date "2018.09.01"]
[Round "9"]
[White "Simecek, Bohumil"]
[Black "Vlkova, Anezka"]
[Result "1-0"]
[WhiteElo "2079"]
[BlackElo "1901"]
[PlyCount "81"]
[EventDate "2018.08.25"]
[EventType "swiss"]
[EventRounds "9"]
[EventCountry "CZE"]
[SourceTitle "EXT 2020"]
[Source "ChessBase"]
[SourceDate "2019.10.17"]
[SourceVersion "1"]
[SourceVersionDate "2019.10.17"]
[SourceQuality "1"]

1. d4 Nf6 2. c4 g6 3. Nc3 Bg7 4. e4 d6 5. f3 0-0 6. Be3 Nbd7 7. Nge2 c5 8. d5 h5 9. Nf4 Ne5 10. Bd3 Kh7 11. Qd2 Bd7 12. 0-0 h4 13. h3 Rg8 14. Nfe2 Nh5 15. Bg5 Bf6 16. f4 Bxg5 17. fxg5 f6 18. Rad1 a6 19. Nf4 Ng3 20. Rf2 Qc8 21. Ne6 Nh5 22. Be2 Bxe6 23. dxe6 Qxe6 24. Bxh5 gxh5 25. gxf6 Qxh3 26. Qf4 Raf8 27. Kf1 Qg3 28. Qf5+ Kh6 29. Qf4+ Qxf4 30. Rxf4 Ng4 31. Nd5 exf6 32. Rd3 Ne5 33. Rc3 Rg4 34. b3 Ng6 35. Rxf6 Rxe4 36. Rcf3 Rfe8 37. Nf4 Rg8 38. Rxd6 Kg5 39. Nh3+ Kh6 40. Rf5 Kh7 41. Ng5+ 1-0

[Event "Ricany op-A"]
[Site "Ricany"]
[Date "2018.08.27"]
[Round "4"]
[White "Skacel, Jan"]
[Black "Simecek, Bohumil"]
[Result "0-1"]
[WhiteElo "1961"]
[BlackElo "2079"]
[PlyCount "76"]
[EventDate "2018.08.25"]
[EventType "swiss"]
[EventRounds "9"]
[EventCountry "CZE"]
[SourceTitle "EXT 2019"]
[Source "ChessBase"]
[SourceDate "2018.10.10"]
[SourceVersion "1"]
[SourceVersionDate "2018.10.10"]
[SourceQuality "1"]

1. d4 Nf6 2. c4 g6 3. Nc3 Bg7 4. e4 d6 5. g3 0-0 6. Bg2 Nc6 7. d5 Na5 8. b3 c5 9. Bb2 a6 10. Qc2 Rb8 11. Nf3 b5 12. 0-0 bxc4 13. Nd2 cxb3 14. axb3 Nxb3 15. Nxb3 Qb6 16. Na5 Qxb2 17. Qd3 Ng4 18. Rab1 Qxc3 19. Qxc3 Bxc3 20. Rxb8 Bxa5 21. h3 Ne5 22. Rc1 Bb4 23. Bf1 a5 24. Ra8 Nf3+ 25. Kh1 Nd4 26. Ra7 Re8 27. f4 f6 28. Kg2 Kf7 29. Bc4 Rd8 30. e5 Bf5 31. Kf2 Bc2 32. g4 Bb3 33. e6+ Kf8 34. g5 f5 35. h4 Bd2 36. Rh1 Bxc4 37. h5 Bxd5 38. Rh4 Be1+ 0-1

[Event "Prague Summer op 4th"]
[Site "Prague"]
[Date "2017.08.08"]
[Round "6"]
[White "Simecek, Bohumil"]
[Black "Radeva, Viktoria"]
[Result "1/2-1/2"]
[WhiteElo "2086"]
[BlackElo "2214"]
[PlyCount "63"]
[EventDate "2017.08.04"]
[EventType "swiss"]
[EventRounds "9"]
[EventCountry "CZE"]
[SourceTitle "CBM 179 Extra"]
[Source "ChessBase"]
[SourceDate "2017.08.23"]
[SourceVersion "1"]
[SourceVersionDate "2017.08.23"]
[SourceQuality "1"]

1. d4 Nf6 2. c4 e6 3. Nf3 d5 4. g3 c6 5. Nbd2 Nbd7 6. Bg2 Be7 7. 0-0 0-0 8. Qc2 b6 9. Rd1 Bb7 10. e4 dxe4 11. Nxe4 Nxe4 12. Qxe4 Nf6 13. Qe2 Qc8 14. b3 Re8 15. Bb2 c5 16. Ne5 Bxg2 17. Kxg2 Qc7 18. dxc5 Bxc5 19. Rd3 Rad8 20. Rad1 Rd6 21. Rxd6 Bxd6 22. f3 Rd8 23. Rd3 Be7 24. Rxd8+ Bxd8 25. Qd3 Be7 26. Qd4 Bc5 27. Qd3 Bd6 28. Qd4 Bc5 29. Qd3 h6 30. Bc3 Bd6 31. Qd4 Bc5 32. Qd3 1/2-1/2

[Event "Prague Holiday M11"]
[Site "Prague"]
[Date "2017.07.19"]
[Round "6"]
[White "Simecek, Bohumil"]
[Black "Arndt, Stefan"]
[Result "0-1"]
[WhiteElo "2105"]
[BlackElo "2226"]
[PlyCount "58"]
[EventDate "2017.07.16"]
[EventType "tourn"]
[EventRounds "9"]
[EventCountry "CZE"]
[SourceTitle "EXT 2023"]
[Source "ChessBase"]
[SourceDate "2022.10.05"]
[SourceVersion "1"]
[SourceVersionDate "2022.10.05"]
[SourceQuality "1"]

1. d4 Nf6 2. c4 e6 3. Nc3 d5 4. cxd5 exd5 5. Bg5 Be7 6. e3 c6 7. Bd3 Nbd7 8. Qc2 h6 9. Bh4 Nh5 10. Bxe7 Qxe7 11. Nf3 Nf4 12. 0-0 Nxd3 13. Qxd3 0-0 14. Rac1 Re8 15. Na4 Nf8 16. Ne5 Qg5 17. Qe2 f6 18. Nf3 Qh5 19. Rfe1 Ng6 20. Nc5 Bg4 21. Nd3 Re4 22. h3 Bxh3 23. gxh3 Qxh3 24. Nh2 Nh4 25. f3 Rxe3 26. Qf2 Rxd3 27. Rc3 Rxc3 28. bxc3 Nf5 29. Ng4 h5 0-1

[Event "Prague Holiday M11"]
[Site "Prague"]
[Date "2017.07.18"]
[Round "4"]
[White "Simecek, Bohumil"]
[Black "Tripolsky, Eugene"]
[Result "0-1"]
[WhiteElo "2105"]
[BlackElo "2304"]
[PlyCount "144"]
[EventDate "2017.07.16"]
[EventType "tourn"]
[EventRounds "9"]
[EventCountry "CZE"]
[SourceTitle "EXT 2023"]
[Source "ChessBase"]
[SourceDate "2022.10.05"]
[SourceVersion "1"]
[SourceVersionDate "2022.10.05"]
[SourceQuality "1"]

1. d4 f5 2. g3 Nf6 3. Bg2 g6 4. c4 Bg7 5. Nc3 0-0 6. Nf3 d6 7. 0-0 Nc6 8. d5 Na5 9. Nd2 c5 10. Qc2 Rb8 11. b3 a6 12. Bb2 b5 13. Rab1 e5 14. dxe6 Bxe6 15. Nd5 Bxd5 16. cxd5 Rc8 17. Rfe1 c4 18. b4 c3 19. Bxc3 Ng4 20. bxa5 Rxc3 21. Qd1 Qxa5 22. h3 Ne5 23. Nb3 Qb6 24. Nd4 Nd3 25. exd3 Qxd4 26. Rb3 Rc7 27. Qd2 Be5 28. Kh2 Rfc8 29. Re2 f4 30. Re4 Rc2 31. Qxc2 Rxc2 32. Rxd4 Bxd4 33. gxf4 Rxa2 34. Rb4 Bxf2 35. Re4 Kf7 36. Re6 Bc5 37. Kg3 b4 38. Be4 b3 39. d4 Bb4 40. f5 gxf5 41. Bxf5 b2 42. Re3 h6 43. Rb3 Ra3 44. Rxa3 Bxa3 45. Kf3 Kf6 46. Bd3 Bb4 47. Ke2 Bc3 48. Kd1 a5 49. Kc2 Bxd4 50. Be2 Ke5 51. Bf3 a4 52. Kb1 a3 53. Ka2 Bc5 54. Kb1 Kd4 55. Ka2 Kc3 56. Be4 Kd2 57. Kb1 Ke3 58. Bf5 Kd4 59. Be6 Kc4 60. Ka2 Kc3 61. Bf5 Kd2 62. Kb1 Bd4 63. Be6 Kc3 64. Ka2 Kc4 65. Bg4 Bc5 66. Kb1 Kd4 67. Bf3 Ke3 68. Bg4 Bb4 69. Bf5 Kd4 70. Be6 Kc4 71. Ka2 b1Q+ 72. Kxb1 Kb3 0-1

[Event "Prague Holiday M11"]
[Site "Prague"]
[Date "2017.07.16"]
[Round "2"]
[White "Chudinovskikh, Alexander M"]
[Black "Simecek, Bohumil"]
[Result "1-0"]
[WhiteElo "2238"]
[BlackElo "2105"]
[PlyCount "101"]
[EventDate "2017.07.16"]
[EventType "tourn"]
[EventRounds "9"]
[EventCountry "CZE"]
[SourceTitle "EXT 2023"]
[Source "ChessBase"]
[SourceDate "2022.10.05"]
[SourceVersion "1"]
[SourceVersionDate "2022.10.05"]
[SourceQuality "1"]

1. e4 c6 2. Nf3 d5 3. Nc3 Bg4 4. h3 Bxf3 5. Qxf3 e6 6. d4 g6 7. h4 Bg7 8. Bg5 Bf6 9. Qf4 h6 10. Bxf6 Nxf6 11. e5 Nh5 12. Qe3 Ng7 13. Bd3 h5 14. 0-0-0 Nd7 15. f3 Qc7 16. Qf2 a6 17. Kb1 0-0-0 18. Rhe1 Kb8 19. g3 Rc8 20. Na4 c5 21. dxc5 Nxc5 22. Nxc5 Qxc5 23. Qxc5 Rxc5 24. c3 Nf5 25. Rg1 Ne7 26. Rd2 b5 27. Rc2 Kb7 28. b4 Rc7 29. Kb2 Kb6 30. a4 Nc6 31. f4 Rhc8 32. a5+ Kb7 33. Kb3 Ne7 34. g4 hxg4 35. Rxg4 Rh8 36. Rcg2 Rh5 37. Rh2 Rc8 38. Rg5 Rh6 39. h5 Rch8 40. Be2 Nf5 41. Rhg2 gxh5 42. Bd3 Nh4 43. R2g3 Ng6 44. Bxg6 Rxg6 45. Rxg6 fxg6 46. Rxg6 h4 47. Rg2 h3 48. Rh2 Kc6 49. Kc2 d4 50. cxd4 Kd5 51. Kd3 1-0

[Event "Prague Holiday M11"]
[Site "Prague"]
[Date "2017.07.16"]
[Round "1"]
[White "Simecek, Bohumil"]
[Black "Chavannes, Ivar"]
[Result "1-0"]
[WhiteElo "2105"]
[BlackElo "2139"]
[PlyCount "70"]
[EventDate "2017.07.16"]
[EventType "tourn"]
[EventRounds "9"]
[EventCountry "CZE"]
[SourceTitle "EXT 2023"]
[Source "ChessBase"]
[SourceDate "2022.10.05"]
[SourceVersion "1"]
[SourceVersionDate "2022.10.05"]
[SourceQuality "1"]

1. d4 Nf6 2. c4 e6 3. Nf3 b6 4. Bf4 Bb7 5. e3 Be7 6. Nc3 Nh5 7. Bg3 d6 8. Bd3 Nd7 9. e4 h6 10. Qe2 c5 11. d5 e5 12. 0-0 g5 13. Nd1 Nf4 14. Qd2 g4 15. Ne1 Bg5 16. Ne3 h5 17. f3 h4 18. Bf2 Nf6 19. fxg4 Nxg4 20. Nf3 Nxf2 21. Rxf2 Bh6 22. Kh1 Bc8 23. Re1 Qf6 24. Qc2 Bd7 25. Nf5 Bxf5 26. exf5 0-0-0 27. a4 a5 28. Be4 Rdg8 29. Qb3 Kc7 30. Qb5 Nxg2 31. Rxg2 Rxg2 32. Kxg2 Rg8+ 33. Kh1 h3 34. Qc6+ Kd8 35. Qxb6+ Kd7 1-0

[Event "Prague Holiday M21"]
[Site "Prague"]
[Date "2016.07.24"]
[Round "1"]
[White "Kasparov, Sergey"]
[Black "Simecek, Bohumil"]
[Result "1-0"]
[WhiteElo "2471"]
[BlackElo "2123"]
[PlyCount "103"]
[EventDate "2016.07.24"]
[EventType "tourn"]
[EventRounds "9"]
[EventCountry "CZE"]
[SourceTitle "EXT 2023"]
[Source "ChessBase"]
[SourceDate "2022.10.05"]
[SourceVersion "1"]
[SourceVersionDate "2022.10.05"]
[SourceQuality "1"]

1. e4 e6 2. d4 d5 3. Nd2 Nf6 4. e5 Nfd7 5. Bd3 c5 6. c3 b6 7. Ne2 Ba6 8. Bc2 Be7 9. 0-0 Nc6 10. Nf3 h6 11. Be3 Qc7 12. a3 0-0-0 13. b4 c4 14. Ne1 Kb8 15. f4 g6 16. Nf3 Rdg8 17. a4 Bc8 18. b5 Na5 19. Bc1 Nf8 20. Ba3 Bxa3 21. Rxa3 Bd7 22. Ra2 Be8 23. Rf2 Qe7 24. Ng3 Bd7 25. Nf1 Bc8 26. Ne3 h5 27. g3 Bd7 28. Rf1 Bc8 29. Qc1 Bd7 30. Qa3 Qxa3 31. Rxa3 Bc8 32. h3 Bd7 33. Kg2 Kc8 34. Raa1 Kd8 35. Rab1 Bc8 36. g4 hxg4 37. hxg4 Rh6 38. Rh1 Rgh8 39. Rxh6 Rxh6 40. Kg3 Ke7 41. f5 gxf5 42. gxf5 Bd7 43. Kf2 Rh5 44. Rg1 Nb7 45. Rg7 Nd8 46. Kg2 Ke8 47. Ng4 Ke7 48. Nf6 Rh8 49. Ng5 Bc8 50. Bd1 Nd7 51. Ng8+ Rxg8 52. f6+ 1-0

[Event "Ricany op-A"]
[Site "Ricany"]
[Date "2014.08.26"]
[Round "5"]
[White "Simecek, Bohumil"]
[Black "Petr, Jakub"]
[Result "1-0"]
[WhiteElo "2058"]
[BlackElo "1657"]
[PlyCount "119"]
[EventDate "2014.08.23"]
[EventType "swiss"]
[EventRounds "9"]
[EventCountry "CZE"]
[SourceTitle "EXT 2015"]
[Source "ChessBase"]
[SourceDate "2014.11.20"]
[SourceVersion "1"]
[SourceVersionDate "2014.11.20"]
[SourceQuality "1"]

1. d4 Nf6 2. c4 g6 3. Nc3 d5 4. Bf4 Bg7 5. e3 c5 6. dxc5 Qa5 7. Rc1 dxc4 8. Bxc4 0-0 9. Nf3 Qxc5 10. Bb3 Nc6 11. 0-0 Qa5 12. Qe2 Nh5 13. Bg3 Nxg3 14. hxg3 Bg4 15. Qc4 Bxf3 16. gxf3 Qh5 17. Kg2 Rac8 18. Qd5 Qxd5 19. Nxd5 Bxb2 20. Rxc6 bxc6 21. Nxe7+ Kg7 22. Nxc8 Rxc8 23. Rd1 Rc7 24. f4 c5 25. Bc4 Bf6 26. Rd5 Kf8 27. g4 h6 28. Kg3 Be7 29. Rd3 Rb7 30. Ra3 Kg7 31. Ra6 Rc7 32. e4 g5 33. e5 gxf4+ 34. Kxf4 Rd7 35. Kf5 Bg5 36. Rd6 Rxd6 37. exd6 Bd8 38. Ke5 Kf8 39. Kd5 Bb6 40. f4 Ke8 41. f5 Kd7 42. Bb5+ Kd8 43. Ke5 c4 44. Bxc4 Ke8 45. Bb5+ Kf8 46. Kd5 f6 47. Ke6 Bd8 48. a4 a5 49. Bc6 Bb6 50. Kxf6 Bc5 51. Kg6 Bxd6 52. Kxh6 Kf7 53. g5 Bf4 54. Bd5+ Kf8 55. Kg6 Be5 56. f6 Bc3 57. Kf5 Bd2 58. g6 Bh6 59. Kg4 Bg7 60. fxg7+ 1-0

[Event "Prague Holiday M31"]
[Site "Prague"]
[Date "2014.08.05"]
[Round "4"]
[White "Simecek, Bohumil"]
[Black "Jurcisin, Imrich"]
[Result "1/2-1/2"]
[WhiteElo "2058"]
[BlackElo "2037"]
[PlyCount "64"]
[EventDate "2014.08.03"]
[EventType "tourn"]
[EventRounds "9"]
[EventCountry "CZE"]
[SourceTitle "EXT 2023"]
[Source "ChessBase"]
[SourceDate "2022.10.05"]
[SourceVersion "1"]
[SourceVersionDate "2022.10.05"]
[SourceQuality "1"]

1. d4 Nf6 2. c4 e5 3. dxe5 Ng4 4. Bf4 Nc6 5. Nf3 Bb4+ 6. Nc3 Bxc3+ 7. bxc3 Qe7 8. Qd5 f6 9. exf6 Nxf6 10. Qd3 d6 11. Bg5 0-0 12. e3 Ne5 13. Nxe5 Qxe5 14. Bf4 Qa5 15. f3 Bf5 16. Qd2 Rae8 17. Be2 Nh5 18. Bg3 Nxg3 19. hxg3 Qe5 20. Kf2 b6 21. Bd3 Qf6 22. Rab1 a6 23. Rb3 Re5 24. Ra3 a5 25. Rb3 Rfe8 26. Rb5 Bg6 27. Rxe5 Rxe5 28. Rh4 h6 29. Rf4 Qe6 30. Bxg6 Qxg6 31. Rg4 Qe6 32. Rd4 Rc5 1/2-1/2

[Event "CZE-chT2C 1213"]
[Site "Czech Republic"]
[Date "2012.12.02"]
[Round "4.2"]
[White "Stastny, Jan"]
[Black "Simecek, Bohumil"]
[Result "1-0"]
[WhiteElo "2233"]
[BlackElo "2122"]
[PlyCount "95"]
[EventDate "2012.10.14"]
[EventType "team-tourn"]
[EventRounds "11"]
[EventCountry "CZE"]
[SourceTitle "EXT 2015"]
[Source "ChessBase"]
[SourceDate "2014.11.20"]
[SourceVersion "1"]
[SourceVersionDate "2014.11.20"]
[SourceQuality "1"]
[WhiteTeam "Ricany"]
[BlackTeam "Cesky Krumlov"]
[WhiteTeamCountry "CZE"]
[BlackTeamCountry "CZE"]

1. e4 e6 2. d4 d5 3. Nc3 Nf6 4. Bg5 Bb4 5. e5 h6 6. Be3 Ne4 7. Qg4 g5 8. h4 h5 9. hxg5 hxg4 10. Rxh8+ Bf8 11. Nxe4 dxe4 12. Ne2 c6 13. Nc3 Nd7 14. 0-0-0 Qa5 15. Kb1 Kd8 16. Nxe4 Kc7 17. Rh7 b6 18. Rxf7 Bb7 19. Nf6 Rd8 20. Nxd7 Rxd7 21. Rxf8 c5 22. g6 Be4 23. Rf7 Bxg6 24. Rxd7+ Kxd7 25. dxc5+ Kc7 26. cxb6+ axb6 27. g3 Be4 28. Be2 Bd5 29. b3 Qb4 30. Kb2 Kc6 31. Rd4 Qf8 32. Bxg4 b5 33. Bxe6 Bxe6 34. Rd6+ Kc7 35. Rxe6 Qf5 36. Rh6 Qxe5+ 37. Kb1 Qc3 38. Rh4 Kc6 39. Rd4 Qe1+ 40. Kb2 Qg1 41. a4 bxa4 42. Rxa4 Kb5 43. Rf4 Qh2 44. g4 Qh8+ 45. Rd4 Qe5 46. g5 Qe6 47. Kb1 Qf5 48. Rd5+ 1-0

[Event "CZE-chT2C 1213"]
[Site "Czech Republic"]
[Date "2012.10.14"]
[Round "1.2"]
[White "Simecek, Bohumil"]
[Black "Vojta, Tomas"]
[Result "1/2-1/2"]
[WhiteElo "2122"]
[BlackElo "2351"]
[PlyCount "45"]
[EventDate "2012.10.14"]
[EventType "team-tourn"]
[EventRounds "11"]
[EventCountry "CZE"]
[SourceTitle "EXT 2015"]
[Source "ChessBase"]
[SourceDate "2014.11.20"]
[SourceVersion "1"]
[SourceVersionDate "2014.11.20"]
[SourceQuality "1"]
[WhiteTeam "Cesky Krumlov"]
[BlackTeam "Vlasim"]
[WhiteTeamCountry "CZE"]
[BlackTeamCountry "CZE"]

1. d4 d5 2. Nf3 Nc6 3. Bf4 Bg4 4. e3 f6 5. Bb5 e6 6. h3 Bh5 7. Nbd2 Bd6 8. Bxd6 Qxd6 9. c4 Nge7 10. 0-0 0-0 11. cxd5 exd5 12. Rc1 f5 13. Qb3 Rab8 14. Rfe1 Kh8 15. Qc3 f4 16. e4 dxe4 17. Nxe4 Qg6 18. Bxc6 Nxc6 19. Ne5 Nxe5 20. dxe5 f3 21. g3 Rf4 22. Qxc7 Rg8 23. Qxb7 1/2-1/2